000 00599nam a2200181Ia 4500
008 100920s9999 xx 000 0 und d
082 _b73382
_a49 थ 99
100 _aखाडिलकर नीलकंठ.
245 _aटॉवर्स.
260 _bपरचुरे प्रकाशन मंदिर, मुंबई 4.
_c1999
300 _a275
_bसाधी
365 _b400
520 _aडिपॉझिट सेक्शन.
630 _aटॉवर्स.
650 _aडिपॉझिट सेक्शन.
730 _aटॉवर्स.
942 _cBOOK
999 _c715059
_d715056